| 000 | 00407nam a2200157Ia 4500 | ||
|---|---|---|---|
| 008 | 230718s9999 xx 000 0 und d | ||
| 041 | _aeng | ||
| 082 |
_a621.37 _bBHI |
||
| 100 | _aBhide S.D. | ||
| 245 | _aElectrical Engineering Vol. I | ||
| 260 |
_c1996 _bTechnova Publications |
||
| 300 | _a366 | ||
| 365 |
_cRs. _b150.00 |
||
| 700 | _aBhide S.D. & Navale M. | ||
| 906 |
_dB:97505-Aug-1996 _cETC _b22.5 |
||
| 999 |
_c295582 _d295582 |
||